000 00289nam a22001337a 4500
008 180216b xxu||||| |||| 00| 0 eng d
020 _a9780132352000
041 _aeng
080 _a615
100 _a5
101 _aFAR
245 _aNurse's drug guide 2008
_cWilson,
942 _2udc
_cBK
999 _c42846
_d42846